=LDR 00000nam 2200000 4500 =001 INLIS000000000033218 =005 20130612135203 =008 ***********************************ind** =035 ##$$0010-061300000033218 =041 ##$$a ind =082 ##$$a 793.3 =090 ##$$a 793.3, Rah,i =100 ##$$a Rahmatia, Diah =245 ##$$a Indonesiaku Kaya Tarian , Diah Rahmatia =260 ##$$a 2010 $b Bogor =300 ##$$a iv,44 hlm., Illus, 25 cm =650 ##$$a Tarian Rakyat =850 ##$$a NBPNMAT